000
00287nam a2200121Ia 4500
008
220204s9999 xx 000 0 und d
082
_a
621
_b
WIN
100
_a
Stanton E
245
0
_a
Machine design
260
_a
Bombay
_b
D B Taraporevala
_c
1939
650
_a
Machine design
942
_c
BK
999
_c
22999
_d
22999